Man and Society in Indian Philosophy (Record no. 1448501)

MARC details
000 -LEADER
fixed length control field 00563nam a2200193Ia 4500
005 - DATE AND TIME OF LATEST TRANSACTION
control field 20250923145217.0
008 - FIXED-LENGTH DATA ELEMENTS--GENERAL INFORMATION
fixed length control field 008 250917s9999 xx 000 0 eng d
037 ## - SOURCE OF ACQUISITION
Stock number Textual
040 ## - CATALOGING SOURCE
Original cataloging agency DSWL
Language of cataloging eng
Transcribing agency DSWL
041 ## - LANGUAGE CODE
Language code of text/sound track or separate title eng
Source of code eng
084 ## - COLON CLASSIFICATION NUMBER
Classification number R60bY, N70
Assigning agency DSWL
100 ## - MAIN ENTRY--PERSONAL NAME
Personal name Damodaran, K.
9 (RLIN) 832932
245 #0 - TITLE STATEMENT
Title Man and Society in Indian Philosophy
Statement of responsibility, etc. by K. Damodaran
260 ## - PUBLICATION, DISTRIBUTION, ETC.
Place of publication, distribution, etc. New Delhi
Name of publisher, distributor, etc. People's Publiing House
Date of publication, distribution, etc. 1970
365 ## - TRADE PRICE
Price type code INR
Price amount 8.00
925 ## -
-- 8.00
942 ## - ADDED ENTRY ELEMENTS (KOHA)
Koha item type Textual
Classification part R60bY, N70
Holdings
Withdrawn status Lost status Damaged status Not for loan Home library Current library Date acquired Inventory number Total Checkouts Full call number Barcode Date last seen Price effective from Koha item type
        Department of Social Work Library Department of Social Work Library 2025-09-23 M/876/70 04/07/1970   R60bY, N70 SW0014348 2025-09-23 2025-09-23 Textual
Copyright @ Delhi University Library System